[Event "Paris Grand Prix du Senat 3rd"]
[Site "Paris"]
[Date "2002.06.30"]
[Round "2.2"]
[White "Kramnik, Vladimir"]
[Black "Fressinet, Laurent"]
[Result "1-0"]
[WhiteElo "2809"]
[BlackElo "2606"]
[Annotator "Tsesarsky,I"]
[PlyCount "99"]
[EventDate "2002.06.29"]
[EventType "k.o. (rapid)"]
[EventRounds "2"]
[EventCountry "FRA"]
[SourceTitle "CBM 090"]
[Source "ChessBase"]
[SourceDate "2002.09.20"]
[SourceVersion "1"]
[SourceVersionDate "2002.09.20"]
[SourceQuality "1"]

1. d4 g6 2. e4 d6 3. c4 Bg7 4. Nc3 Nf6 5. Be2 O-O 6. Nf3 a5 {This variation
became popular last 3 years. Black delays temporarily usual e7-e5 move.} 7. O-O
(7. Bg5 Bd7 (7... Na6 8. O-O h6 9. Bh4 Bg4 10. Nd2 Bxe2 11. Qxe2 $14 {Schatzl,
F-Gampersberger,H/Graz op-B 1996/1-0 (62)}) 8. Qd2 a4 9. Bh6 Nc6 10. h4 Bxh6
11. Qxh6 Ng4 12. Qd2 h5 13. Ng5 Kg7 $132 {Malay,S-Dimitrov,M/BUL-ch sf 1992/
1-0 (42) (18)}) 7... Na6 8. e5 {Cannot be recommended.This forward move leads
to prosaic PP exchange: e4 for e7 or c7.} ({Interesting is} 8. Be3 Qe8 9. Nd2
e5 10. d5 Bd7 11. b3 h5 12. f3 Kh7 13. Qe1 Qe7 14. a3 Bh6 15. Bd3 Bxe3+ 16.
Qxe3 h4 17. Rab1 $14 (17. Qg5 $2 Nxd5 $17 {0-1 Pelletier,Y-Podzielny,K/Essen
2000/CBM 77 (43)})) ({Standard} 8. Re1 {is nod bad as well:} Nd7 9. Be3 e5 10.
Qd2 Re8 11. Bf1 Nb4 12. Rad1 Nc6 13. b3 exd4 14. Nxd4 Nde5 15. f3 Nxd4 16. Bxd4
Bd7 17. Be3 Bc6 18. Nd5 $14 {Lipsanen,E-Sammul,J/Kaleva op 1989/1-0 (51)}) (8.
Bf4 Qe8 9. Qd2 $5) (8. h3 e5 9. dxe5 {leads to equal position.} dxe5 10. Be3
Nd7 11. a3 Nac5 12. b4 Ne6 13. c5 axb4 14. axb4 Rxa1 15. Qxa1 Nd4 16. Qa2 Nb8
$132 {1/2-1/2 Kocsis,L-Istratescu,A/Sovata 1998/EXT 99 (18)}) ({Interesting is
} 8. Bg5 $1 {preventing e7-e5 and creating Nf6's pin.} Qe8 9. Qd2 e5 10. dxe5
dxe5 11. Rfe1 c6 (11... Qe6 $5) 12. Qd6 Be6 13. Nxe5 Rd8 14. Qa3 Nb4 15. Rac1
Ra8 16. Nf3 Nd7 17. Be3 Bg4 18. Qb3 Bxf3 19. gxf3 $16 (19. Bxf3 $2 Ne5 (19...
Nd3 20. Qxb7 N7e5 $1 $17) 20. Rcd1 Qe6 21. Be2 $16 {0-1 Lautier,J-Fressinet,L/
Paris 2002/CBM 90_01 (38)})) 8... Ng4 (8... Nd7 9. Bf4 ({Worth of attention} 9.
exd6 cxd6 $14) 9... Qe8 10. Qd2 dxe5 11. dxe5 (11. Nxe5 Nxe5 12. Bxe5 Bxe5 13.
dxe5 Be6 14. Nd5 b6 15. Rfd1 $14 {0-1 Rodgaard,J-Istratescu,A/Elista 1998/CBM
66 ext (29)}) 11... Ndc5 {-see commented game  1/2-1/2 Ftacnik,L-Istratescu,A/
Krynica 1998/CBM 67/[Huzman] (29)}) 9. exd6 cxd6 {This position is quite
similar to Alekhine defence.} 10. h3 Nf6 11. Be3 d5 12. c5 Bd7 {[%cal Gb7b6,
Gd7c6]} 13. Qb3 Bc6 14. Ne5 {[%cal Ge5c6]} Nd7 15. Nxc6 bxc6 {White recieves
pair of BB, but Pb7 was moved to c6, so Pd5 now is protected and Black can
play e7-e5.} 16. Qa4 $6 {[%csl Rc6][%cal Ga4c6] Inaccurance.} (16. Na4 $142 e5
17. Qd1) 16... Qc7 {[%cal Gc7c6]} 17. Qd1 {White recognizes previous
non-precise move.} e5 18. Na4 exd4 19. Bxd4 Bxd4 20. Qxd4 Rfe8 {[%csl Re2]
[%cal Ge8e2]} 21. Bxa6 ({Badly is} 21. Nb6 $2 Rxe2 22. Nxa8 Qb7 23. Nb6 Re4 24.
Qd2 Ndxc5 25. Qxa5 Rb4 $17 {[%csl Rb6]}) 21... Re4 22. Qd1 Rxa6 23. Re1 Qe5 $11
{Eventually Black equalized, but White continues to play...} 24. Qd2 Nf6 25.
Nc3 Rd4 $1 26. Rxe5 (26. Qc2 Qg5 $132) 26... Rxd2 27. Re2 Rd4 28. b3 Ra7 29.
Rd1 Rxd1+ 30. Nxd1 Ne4 31. Nb2 Nc3 (31... Nxc5 32. Rc2 Ne6 33. Rxc6 Rc7 $11)
32. Re8+ Kg7 33. Rc8 Ra6 34. a4 Kf6 35. Nd3 Ke6 (35... Ne2+ 36. Kf1 Nd4 {
[%csl Rb3]} 37. Rb8 Kf5 $132) 36. Rc7 Ne2+ 37. Kf1 Nd4 38. Rb7 Ra8 39. Rb6 Re8
$6 (39... Kf5 $132) 40. b4 $1 axb4 41. Nxb4 Rc8 $4 $18 {Terrible mistake. Now
white Pa4 became very strong.} (41... Ra8 $1 42. Nxc6 Nxc6 43. Rxc6+ Ke5 44.
Rc7 Ke6 $11) 42. a5 {[%csl Ya5][%cal Ga5a8]} Kd7 43. a6 Rc7 44. g4 g5 45. Kg2
Ne6 46. Nd3 f6 47. Kg3 Ra7 (47... Nd4 48. Nb4 Ne6 (48... Kc8 49. f4 Kd7 50. f5
h5 51. Kf2 hxg4 52. hxg4 Nb5 53. Rb8 $18) 49. a7 $1 $18 {-see below.}) 48. Nb4
$1 Nxc5 (48... Rc7 49. a7 $1 Rxa7 50. Rxc6 Ra3+ 51. f3 d4 52. Rd6+ Ke7 53. Nd5+
Kf7 54. c6 (54. Rd7+ Kf8 55. c6 $18)) 49. Rxc6 Nd3 (49... Ne6 50. Rb6 d4 51.
Kf3 $18) 50. Rxf6 1-0

[Event "RUS-The World"]
[Site "Moscow"]
[Date "2002.09.08"]
[Round "2"]
[White "Kramnik, Vladimir"]
[Black "Ivanchuk, Vassily"]
[Result "1/2-1/2"]
[WhiteElo "2807"]
[BlackElo "2711"]
[Annotator "Huzman,A"]
[PlyCount "79"]
[EventDate "2002.09.08"]
[EventType "schev (rapid)"]
[EventRounds "10"]
[EventCountry "RUS"]
[SourceTitle "CBM 091"]
[Source "ChessBase"]
[SourceDate "2002.11.12"]
[SourceVersion "1"]
[SourceVersionDate "2002.11.12"]
[SourceQuality "1"]
[WhiteTeam "Russia"]
[BlackTeam "The World"]
[WhiteTeamCountry "RUS"]

1. d4 d5 2. c4 dxc4 3. Nf3 e6 4. e3 c5 5. Bxc4 a6 6. O-O Nf6 7. Bb3 Be7 8. Qe2
cxd4 9. Rd1 Nc6 10. Nc3 O-O 11. Nxd4 Qc7 12. Nxc6 Qxc6 13. e4 b5 (13... Rd8 14.
Bg5 h6 15. Bh4 Qe8 16. e5 Rxd1+ 17. Rxd1 Nd7 18. Bxe7 Qxe7 19. Bc2 Nf8 20. Ne4
Bd7 21. Nd6 Bc6 22. Be4 $16 {1/2-1/2 Ruck,R-Eliet,N/Charleville 2000/CBM 79
ext (39)}) 14. Bg5 h6 (14... b4 15. Bxf6 Bxf6 16. Nd5 exd5 17. Bxd5 Qb5 18.
Qxb5 axb5 19. Bxa8 Bg4 20. f3 Rxa8 21. fxg4 Bxb2 22. Rab1 Bc3 23. Rbc1 h5 24.
Rc2 hxg4 25. Kf2 Ra6 26. Rd5 $16 {1-0 Lputian,S-Lazarev,V/Nareto 1999/EXT 2000
(56)}) (14... Ra7 15. Rac1 Qe8 16. Bc2 e5 17. Bb3 Bg4 18. Qe3 Qb8 19. Rd3 Bh5
20. h3 Bg6 21. Rcd1 Rb7 22. Bxf6 Bxf6 23. Nd5 $16 {1-0 Pinter,J-Savchenko,V/
Dortmund 2000/EXT 2001 (41)}) (14... Bb7 15. Rac1 Qe8 16. e5 (16. a4 b4 17. e5
Nd7 18. Ne4 Bxe4 19. Bxe7 Qxe7 20. Qxe4 Nc5 21. Qxb4 Rab8 22. Qxc5 Qxc5 23.
Rxc5 Rxb3 24. Rd2 g5 $1 $14 {1/2-1/2 Khenkin,I-Volzhin,A/Stockholm SWE 2002/
The Week in Chess 374 (41)}) 16... Nd7 17. Bf4 Nc5 18. Bc2 Qc6 19. Qg4 b4 20.
Ne2 Rfd8 21. Bg5 Rxd1+ 22. Rxd1 Bxg5 23. Qxg5 Nd7 24. Nd4 Qc8 25. h4 h6 $11 {
0-1 Georgiev,V-Sorokin,M/Linares 1999/CBM 68 ext (37)}) 15. Bh4 (15. Bxf6 Bxf6
16. Rac1 Qb6 17. e5 Bg5 18. Rc2 Bb7 19. Ne4 Bxe4 20. Qxe4 $14 {/=}) 15... Bb7
16. Rac1 Qe8 17. e5 Nd7 18. Bxe7 (18. Bc2 Bxh4 19. Qd3 g6 20. Qxd7 Qxd7 21.
Rxd7 Bc6 $11) 18... Qxe7 19. Ne4 $5 (19. Bc2 Rfd8 $11) 19... Nxe5 (19... Bxe4
20. Qxe4 Nc5 21. Qb4 Rac8 22. Bc2 $16) 20. Nd6 Ng6 21. Qg4 Rad8 $6 ({I didn't
find enough compensation for the sacrifising pawn after} 21... Kh7 22. Nxb7 (
22. h4 Rad8 $17) (22. Bc2 Bd5) 22... Qxb7 23. Bc2 f5 24. Qg3 Rad8 $17) 22. Nxf7
$1 Rxd1+ (22... Kxf7 $2 23. Qf5+ Qf6 24. Bxe6+ Ke7 25. Rc7+ $18) 23. Rxd1 Kxf7
24. Qf5+ Kg8 (24... Qf6 25. Rd7+ Ne7 26. Qxf6+ gxf6 27. Rxb7 Rc8 28. g3 $14)
25. Qxg6 Bd5 $1 $14 26. Bxd5 exd5 27. Qd3 (27. Qxa6 Qe2 28. Rf1 Qxb2 29. Qe6+
Kh8 30. Qxd5 b4 $14) 27... Rd8 28. Qd4 Qf6 29. Qxf6 gxf6 30. Kf1 Kf7 31. Ke2 (
31. Rc1 $5 Ke6 32. Rc6+ Rd6 33. Rc8 Ke5 34. Ke2 $14) 31... Ke6 32. Kd3 Kd6 33.
Re1 h5 $1 34. Re3 h4 $1 $11 35. Rh3 Rg8 36. g3 hxg3 37. fxg3 Rc8 38. Rh7 Rc1
39. Ra7 Rd1+ 40. Kc2 (40. Kc2 Rh1 41. h4 Ke5 42. Rxa6 Rh2+ 43. Kd3 Rg2 $11)
1/2-1/2

[Event "RUS-The World"]
[Site "Moscow"]
[Date "2002.09.09"]
[Round "4"]
[White "Kramnik, Vladimir"]
[Black "Gelfand, Boris"]
[Result "1/2-1/2"]
[WhiteElo "2807"]
[BlackElo "2710"]
[Annotator "Golod,V"]
[PlyCount "61"]
[EventDate "2002.09.08"]
[EventType "schev (rapid)"]
[EventRounds "10"]
[EventCountry "RUS"]
[SourceTitle "CBM 091"]
[Source "ChessBase"]
[SourceDate "2002.11.12"]
[SourceVersion "1"]
[SourceVersionDate "2002.11.12"]
[SourceQuality "1"]
[WhiteTeam "Russia"]
[BlackTeam "The World"]
[WhiteTeamCountry "RUS"]

1. d4 Nf6 2. c4 e6 3. Nc3 Bb4 4. Qc2 O-O 5. a3 Bxc3+ 6. Qxc3 b6 7. Bg5 Bb7 8.
e3 d6 9. f3 Nbd7 10. Bd3 c5 11. Ne2 h6 {Besides,white has two principales
moves:} (11... Rc8 {See comments to Grigore,G-Pinter,J/Budapest,2000/CBM 78
(0-1)(Golod,V)(41)}) ({and} 11... cxd4) 12. Bh4 Rc8 13. O-O cxd4 {This
decision is connected to the subsequent idea.} ({Is a possible continuations
of the play:} 13... Ba6 {See comments to Bareev,E-Leko,P/Dortmund,2002/CBM 90 
(1-0)(Golod,V)(37)}) (13... d5 14. cxd5 Nxd5 $140 15. Qe1 $1 {+/=/= See
comments to Chabanon,J-Levin,F/Bad Endbach,1995/CBM 47(1-0)(Baburin,A)(49)}) (
13... Re8) ({and} 13... Qe7) 14. Qxd4 ({After:} 14. exd4 {black equalizes:} d5
15. Qb3 e5 16. cxd5 exd4 17. Qd1 Ne5 $11 {Savon,V-Anapolsky,S/Orel,1994(1/2-1/
2)(88)}) 14... e5 $5 {[%mdl 4] In it essence of Boris Gelfand's idea 
(temporary sacrifice of the pawn "d6").} ({Also it deserves attention:} 14...
Ne5 15. b3 $5 (15. Rad1 $143 Ba6 $132 {[%csl Rc4]}) (15. e4 $143 Ba6 16. b3
Nxd3 17. Qxd3 {[%csl Rd6]} d5 $1 (17... b5 $2 18. cxb5 Qb6+ 19. Nd4 Bxb5 20.
Qxb5 Qxd4+ 21. Bf2 Qb2 22. Qd3 {+/=/= Farago,I-Adamski,J/Polanica Zdroj,1974
(1-0)(50)}) 18. e5 $140 $2 (18. Bxf6 $142) 18... dxc4 19. Qxd8 Rfxd8 20. exf6
cxb3 $17 {[%csl Re2,Rf1][%cal Gd8d2,Gb3b2]})) 15. Qxd6 $146 {Interestingly,
that this move is applied for the first time.} ({Was checked in the previous
game:} 15. Bxf6 $2 Qxf6 16. Qg4 Nc5 17. Bc2 d5 18. cxd5 Bxd5 19. Nc3 Be6 $15 {
Zezelj,V-Rezan,S/Zadar,2000(0-1)(52)}) 15... Nc5 16. Qxd8 $8 Rcxd8 ({Of course,
badly:} 16... Rfxd8 $2 {because of:} 17. Bf5 {[%csl Rc8]}) 17. Bf5 Rd2 {
[%csl Rb2,Re2] This move is much better,than:} (17... Nb3 18. Bxf6 $1 (18. Rae1
$6 g5 19. Bg3 Rfe8 $44) 18... gxf6 19. Rae1 Nd2 (19... Rd2 $143 20. Ng3 Rxb2
21. Nh5 {[%csl Rf6]}) 20. Rf2 Nxc4 21. Ng3 $14) 18. b4 Rxe2 19. bxc5 bxc5 ({
It is even not necessary to consider:} 19... Rxe3 $2 {because of:} 20. cxb6
axb6 21. Bf2 {[%csl Rb6]}) 20. Rfe1 (20. e4 $6 Bc8 $1 $11) 20... Rxe1+ 21. Rxe1
{[%csl Gf5,Gh4]} Bc8 {[%csl Yc8,Gf5] It is necessary to exchange this bishop.}
({Pretty dubiously:} 21... Rd8 {because of:} 22. e4 {[%csl Rc5][%cal Gh4f2]}
Ba6 (22... Rd3 $2 23. Rb1 {[%csl Rg8]}) 23. Bf2 {with obvious advantage of
white in the endgame.}) 22. Bd3 $6 ({Can be recommended:} 22. Bxc8 Rxc8 23. Rd1
Rc6 (23... g5 $143 24. Bg3 $16) 24. e4 {and white keep a positional advantage
of white in the endgame.}) 22... Rd8 23. Bf1 Be6 $11 {For last moves the
position of black was obviously improved.} 24. Rb1 $6 (24. Bg3 $142) 24... Rd6
$1 {[%csl Ra3,Rc4][%cal Gd6a6,Ga4c4,Ga6a3,Ya6a4]} 25. a4 ({It is rather risky
to translate the rook in point " a5":} 25. Rb5 Nd7 26. Ra5 g5 27. Bg3 a6 {
[%csl Ra5][%cal Yg8f8,Yf8e7,Ye7d8,Yd8c7,Yc7b6]}) 25... Ra6 26. Rb8+ Kh7 27.
Bd3+ e4 28. Bc2 {[%csl Yc2,Rh7][%cal Yc2a4,Gc2h7]} (28. fxe4 $2 {is refuted by:
} Nd7 29. e5+ g6 {[%csl Ra4,Rb8,Re5]}) 28... Bxc4 $6 ({It was much better:} 
28... g5 29. Bf2 {[%csl Yf2][%cal Yf2e3]} (29. Bg3 $143 Bxc4 30. fxe4 (30. Be5
$2 Bd3 $17) 30... Ng4 $1 $15 {[%csl Re3]}) (29. fxe4 $4 Nd7 {[%csl Rb8,Rh4]})
29... Bd7 {[%csl Ra4] =/+/=}) 29. Bxf6 gxf6 30. Bxe4+ Kg7 31. Rc8 {After this
move Boris Gelfand is agreed for draw,because of next variants:} (31. Bc2 Rd6 {
[%cal Gd6d2]} 32. Rc8 Rd2 33. Be4 Rd1+ 34. Kf2 Rd2+ $11 {[%csl Rg2]}) (31. Rc8
{[%csl Rc5]} Rxa4 32. Rxc5 a5 33. Bd5 {[%csl Rf7][%cal Gc5c7]} Bxd5 34. Rxd5
$11) 1/2-1/2

[Event "RUS-The World"]
[Site "Moscow"]
[Date "2002.09.09"]
[Round "5"]
[White "Akopian, Vladimir Eduardovic"]
[Black "Kramnik, Vladimir"]
[Result "0-1"]
[WhiteElo "2678"]
[BlackElo "2807"]
[Annotator "Ribli,Z"]
[PlyCount "52"]
[EventDate "2002.09.08"]
[EventType "schev (rapid)"]
[EventRounds "10"]
[EventCountry "RUS"]
[SourceTitle "CBM 091"]
[Source "ChessBase"]
[SourceDate "2002.11.12"]
[SourceVersion "1"]
[SourceVersionDate "2002.11.12"]
[SourceQuality "1"]
[WhiteTeam "The World"]
[BlackTeam "Russia"]
[BlackTeamCountry "RUS"]

1. Nf3 Nf6 2. c4 e6 3. g3 d5 4. Bg2 Be7 {In der Variante 4...dxc4 5.Qa4+ Nbd7
besitzt Schwarz auch gute Ausgleichchancen.} 5. O-O O-O 6. d4 dxc4 {Schwarz
spielt die klassische Variante. Er nimmt den Bauern und während Weiß ihn
zurückgewinnt, kann er die Entwicklung des Damenflügels beenden.} 7. Qc2 a6 8.
a4 {Dieser Zug ist viel populärer in der letzten Zeit als die klassische
Fortsetzung 8.Qc2, die auch nicht schlecht ist. Mit dem Textzug verhindert
Weiß die Möglichkeit b7-b5 (und Bb7), aber der Textzug schwächt das Feld b4.}
Bd7 9. Qxc4 Bc6 10. Bg5 Bd5 11. Qc2 Be4 12. Qd1 c5 13. dxc5 {Dieser genügsame
Zug bietet Weiß keinen Vorteil. Nach meiner Meinung ist die Fortsetzung 13.
Nbd2 chancenreicher.} Bxc5 {Großmeister Kramnik spielt diese Variante mit
beiden Farben. Das Nehmen des c5-Bauern ist logischer als sein früherer Zug 13.
..Qxd1.} (13... Qxd1 {Dieser Zug gefällt mir nicht, er bringt den weißen Turm
mit Tempo ins Spiel.} 14. Rxd1 Bxc5 15. Nc3 {1/2-1/2 Khalifman,A-Kramnik,V/
Dortmund 2000/CBM 78 (15)} (15. Nc3 Bc6 16. Ne5 $14)) 14. Nc3 Bc6 {Die
Bauernstellung ist symmetrisch - Weiß hat einige Initiative, aber Schwarz kann
das (leicht) neutralisieren.} 15. Ne5 Bxg2 16. Kxg2 h6 $146 {[%mdl 4] Schwarz
wartet mit seiner weiteren Entwicklung - zuerst "befragt" er den g5-Läufer.} (
16... Bd4 17. Bxf6 gxf6 18. Nf3 {1/2-1/2 Akopian,V-Georgiev,K/Epinal 2002/CBM
86 ext (18)}) 17. Bxf6 $6 {Dieser Zug ist zu optimistisch - es wäre sicherer
die Damen zu tauschen.} (17. Qxd8 Rxd8 18. Bxf6 gxf6 19. Nd3 (19. Nf3 Nc6 $11 {
[%cal Gc6b4]}) 19... Nd7 $11 (19... Be7 $11)) 17... Qxf6 18. f4 {Weiß
befestigt seinen e5-Springer - der Nachteil des Zuges ist, dass sein
Königsflügel geschwächt wird.} (18. Nf3 Bb4 $15 (18... Nc6 19. Ne4 Qe7 20. Nxc5
Qxc5 $15 {[%csl Yb4]})) (18. Nd3 Bd4 $15) 18... Qe7 (18... Rd8 {18...Nc6? wäre
ganz schlecht wegen 19.Nd7.} 19. Qb3 Qe7 $11) 19. Ne4 $6 {Dieser Springerzug
gefällt mir nicht - es wäre besser zuerst die Schwerfiguren ins Spiel bringen.}
(19. Qb3 $5 $11) 19... Rd8 20. Qb3 Bd4 $15 {[%csl Gd4] Der d4B steht aktiv und
die weißen Springer haben keine Stützpunkte im Zentrum.} 21. Nf3 (21. Nc4 Nc6
$15) (21. Nd3 Nc6 $15) 21... Nc6 22. a5 $2 {[%csl Ra5][%mdl 16384] Mit diesem
Zug schwächt Weiß ohne Not seinen a-Bauern. Wir können in diesem Fall nur
sagen - das ist Rapidschach...} (22. Rfd1 Na5 23. Qa2 Qb4 $15) (22. Rac1 $15)
22... Rd5 $1 $17 {[%cal Gd5b5,Gb5b2,Ga8d8,Gd8d1,Rd5a5] Mit diesem einfachem
Zug bekommt Schwarz eine starke Initiative - der a5P hängt, er kann auf der
d-Linie verdoppeln und in einigen Varianten (später in der Partie) wird Rb5
möglich.} 23. Qa3 (23. Nxd4 Rxd4 (23... Nxd4 24. Qc4 Rad8 $15 {[%cal Gd4f5,
Gf5e3]}) 24. Nc3 Rad8 $17 (24... Qc7 $17)) (23. Ra4 Rad8 $17 (23... Rxa5 $4 24.
Nxd4 $18) (23... Nxa5 24. Rxa5 Rxa5 25. Nxd4 $14)) 23... Qxa3 24. Rxa3 Ba7 $5 {
Schwarz nimmt nicht auf b2 (was auch vorteilhaft für ihn wäre) - er spielt
stattdessen auf dauerhaften positionellen Druck.} (24... Bxb2 25. Rb3 Bd4 (
25... Bf6 26. Nxf6+ gxf6 27. Rxb7 Nxa5 $15) 26. Rxb7 Nxa5 $17) 25. Rfa1 Rb5 26.
R1a2 $2 {Nach diesem Zug verliert Weiß die Qualität.} (26. b3 Rd8 $17 {[%csl
Ra1,Ra3,Ga7,Gc6][%cal Gd8d1,Gb5b3,Gb5a5] Schwarz hat ausgezeichnetes
Figurenspiel.}) 26... Nb4 $19 (26... Nb4 27. Ra1 Nc2 $19 {[%cal Rc2a1,Rc2a3]})
0-1

[Event "RUS-The World"]
[Site "Moscow"]
[Date "2002.09.10"]
[Round "7"]
[White "Kramnik, Vladimir"]
[Black "Smirin, Ilia"]
[Result "0-1"]
[WhiteElo "2807"]
[BlackElo "2676"]
[Annotator "Tsesarsky,I"]
[PlyCount "78"]
[EventDate "2002.09.08"]
[EventType "schev (rapid)"]
[EventRounds "10"]
[EventCountry "RUS"]
[SourceTitle "CBM 091"]
[Source "ChessBase"]
[SourceDate "2002.11.12"]
[SourceVersion "1"]
[SourceVersionDate "2002.11.12"]
[SourceQuality "1"]
[WhiteTeam "Russia"]
[BlackTeam "The World"]
[WhiteTeamCountry "RUS"]

1. d4 {Ftacnik} Nf6 2. c4 g6 3. Nc3 Bg7 4. e4 d6 5. Nf3 O-O 6. Be2 e5 7. O-O
Nc6 8. d5 Ne7 9. b4 Nh5 10. Re1 a5 11. bxa5 f5 12. Nd2 (12. c5 Nf4 $2 {-see
commented game 1-0 Sherbakov,R-Loskutov,O/Smolensk 2000/CBM 77[Huzman,A] (42)})
12... Nf6 {Smirin's favourite variation.} 13. c5 (13. f3 Rxa5 14. Nb3 Ra8 15.
c5 f4 {-see detailed commented game 0-1 Radjabov,T-Smirin,I/Dos Hermanas 2001/
CBM 83_01[Tsesarsky,I] (56)}) 13... Rxa5 14. cxd6 cxd6 15. a4 {Ftacnik: 'The
typical position from King's Indian defense; white can very quickly increase
his pressure against the d6 pawn, but on the other flank black is coming with
some real counterplay.'} ({Another continuation} 15. Nc4 {brouhgt to White
good position in the next games:} Ra6 16. Ne3 $5 (16. Nd2 Ra8 17. a4 Bh6 18.
Ba3 Bxd2 19. Qxd2 Nxe4 20. Nxe4 fxe4 21. Bd1 Rf6 (21... Bf5 22. Bb4 Qb6 23. g4
Bd7 24. a5 Qc7 25. Rxe4 Bb5 26. Rc1 Qd8 27. f4 Rxf4 28. Rxf4 exf4 29. Qd4 $16 {
[%csl Rg8][%cal Gb4c3,Gc3h8]}) 22. Rxe4 Qa5 23. Qxa5 Rxa5 24. Rc1 Bf5 (24...
Kf8 $2 25. Rxe5 $1 Bd7 (25... dxe5 26. Rxc8+ Kf7 27. Rc7 $18) 26. Rc7 Ke8 27.
Re1 Kd8 28. Rxb7 $16 {1-0 Ulko,J-Shchekachev,A/Moscow RUS 2002/The Week in
Chess 379 (70)}) 25. Rb4 $14 {[%csl Ga3,Gd1]}) 16... Ra8 17. f3 f4 18. Nc4 g5
19. Rb1 Ra6 20. Qb3 Nd7 21. Ba3 Rf6 22. Nb5 $16 {1-0 Rychagov,A-Bragin,A/
Voronezh RUS 2002/The Week in Chess 398 (58)}) 15... Bh6 {The only difference
between this position and one from the game Ulko,J-Shchekachev,A is Ra5
instead of Ra8.} 16. Ba3 Bxd2 17. Qxd2 fxe4 {Right decision.} ({In case of} 
17... Nxe4 18. Nxe4 fxe4 19. Bb4 (19. Bxd6 Rxd5 20. Bxe7 Rxd2 21. Bc4+ Kg7 22.
Bxd8 Rfxd8 23. Rxe4 R8d4 $15) 19... Ra8 20. Bd1 $1 {White leaves with
advantage:} (20. Bb5 Rf4 21. g3 Rf6 22. Rxe4 Bd7 $11) 20... Bf5 21. g4 Bc8 22.
Rxe4 b6 23. f4 $1 {Opening a1-h8 diagonal.} Rxf4 24. Rxf4 exf4 25. Qd4 $1 {
[%csl Rg8][%cal Gb4c3]} Qc7 26. Bf3 Bb7 27. Kh1 Rc8 28. Rd1 g5 (28... Qc4 29.
Bxd6 $16) 29. Qf6 $16) 18. Bb5 ({Interesting was} 18. Bb4 $1 Ra8 19. Bd1 Bf5
20. h3 h5 21. Qh6 $1 (21. a5 $5) 21... Rf7 (21... Qb6 22. Nb5 Nfxd5 23. Bxd6
Bxh3 {[%csl Rf2]} 24. Ra2 Be6 (24... Bf5 25. Bb3 $16) 25. Rd2 $16) 22. Bb3 Qb6
23. Nb5 Ne8 24. Bd2 Nf6 25. Be3 Qd8 26. Rac1 $14) (18. Bd1 {Ftacnik} Bf5 19.
Bb4 $13) 18... Bf5 19. h3 Ra8 20. g4 Bc8 21. Nxe4 (21. g5 {Ftacnik} Nh5 22.
Nxe4 Nf5 23. Qc3 Nf4 $13) 21... Nxe4 22. Rxe4 Bd7 23. Bf1 $2 $17 {Unnecessary
P sacrifice. Ftacnik: 'With two second rate moves Kramnik will quickly fall
into distinct disadvantage, while 23.Bxd6!? and the piece sacrifice seemed
very dangerous for black.'} ({Better was} 23. Bxd7 Qxd7 24. f4 {with equal
position:} Rxf4 25. Rxf4 exf4 26. Qxf4 Qxa4 27. Qf6 Qa7+ 28. Kh2 Qe3 29. Bb2
Qe2+ 30. Kg3 Qe3+ 31. Kh2 Qe2+ $11) (23. Bxd6 $5 {Ftacnik} Bxb5 24. Bxe5 $1 (
24. Bxe7 $2 {Ftacnik} Qxe7 $19) 24... Be8 (24... Bd7 {Ftacnik} 25. Bb2 $18) 25.
Bb2 (25. d6 {Ftacnik} Nc6 26. Bb2 Qh4 27. Rae1 $14) 25... Nxd5 26. Re6 $13)
23... Bxa4 {Kramnik overlooked something...} 24. Bb4 {'?!' Ftacnik.} (24. Qb4
Be8 25. Qxb7 (25. Ree1 {Ftacnik} Rf6 26. Bg2 Bf7 27. Red1 $11) 25... Bf7 26.
Ree1 Bxd5 $17) 24... b5 25. Ra3 Rc8 26. Rc3 (26. f4 $2 Rc2 27. Qe1 Qb6+ 28. Kh1
Nxd5 $19) 26... Qb6 27. Bg2 (27. Rxc8 Rxc8 $17) 27... Rxc3 28. Bxc3 Bb3 29. Re1
({Or} 29. Re3 Bc4 $17) 29... Bc4 30. Ba5 Qb7 31. Rd1 Rf4 32. Bc3 Bb3 ({
Interesting was} 32... Kf7 33. Qb2 b4 34. Bxb4 Bxd5 35. Bxd5+ Nxd5 36. Qa2 Rxb4
37. Rxd5 Kg7 $17) 33. Bxe5 $2 $19 {Kramnik overlooked the 34th strong move of
black.} (33. Rb1 Bxd5 34. Bf1 Rf3 35. Rxb5 Qc6 (35... Rxh3 36. Rxd5 Rxc3 37.
Rxd6 Rc6 38. Rd7 Rc7 39. Rd8+ Kf7 40. Qh6 $16 {[%csl Rf7]}) 36. Ba5 Be4 37. Rb6
Qc5 38. Rxd6 Rxf2 39. Qxf2 Qxd6 40. Qe3 $17) 33... dxe5 34. d6 Qd7 $1 35. Rc1 (
35. dxe7 Rd4 $19) 35... Bc4 36. Qb4 Nc8 37. Qc5 Nxd6 38. Qxe5 Rf8 39. Rd1 Nf7
0-1